00321nam a2200121Ia 4500008004100000082001800041100001800059245004300077250000800120260004400128300001000172650001700182150201s2010 xx 000 0 und d a617.6bP2010L aLANKA, MAHESH 2aA PRACTICAL GUIDE TO IMPLANT DENTISTRY a1ST bQUINTESSENCE PUBLICATIONaCHICAGOc2010 a1-240 aIMPLANTOLOGY